00423nam a2200121Ia 4500008004100000024004400041082001900085100004400104245006900148260002500217600002100242650003800263250506s9999 xx 000 0 und d a15B-075-BS, 15B-077-BS & 15B-101-BS a005.199072 UZA aS.M. Uzair, Faizan Abbasi & Areeb Iqbal 0aImage Detection with Real Time Object Classification (CODE BOOK) aKarachi:bUIT,c2015 aComputer Science aBachelor of Computer Science (BS)